OPAC Home

පවුරු බැඳි පුරවර (Record no. 42233)

MARC details
000 -LEADER
fixed length control field 00562nam a2200193Ia 4500
008 - FIXED-LENGTH DATA ELEMENTS--GENERAL INFORMATION
fixed length control field 131003t2010 xxu||||| |||| 00| 0 sin d
041 ## - LANGUAGE CODE
Language code of text/sound track or separate title Sinhala; Sinhalese
080 ## - UNIVERSAL DECIMAL CLASSIFICATION NUMBER
Universal Decimal Classification number 8-31 (Inde
Item number ya)
942 ## - ADDED ENTRY ELEMENTS (KOHA)
Koha item type Books
003 - CONTROL NUMBER IDENTIFIER
control field LK-CoDNM
040 ## - CATALOGING SOURCE
Original cataloging agency LK-CoDNM
Modifying agency LK-CoDNM
Description conventions LK-CoDNM
100 ## - MAIN ENTRY--PERSONAL NAME
Personal name David,Esther
700 ## - ADDED ENTRY--PERSONAL NAME
Personal name Koggalage,Dilma Kumari
Relator term translater
245 ## - TITLE STATEMENT
Title පවුරු බැඳි පුරවර
246 ## - VARYING FORM OF TITLE
Title proper/short title Pauru Badi Purawara
260 ## - PUBLICATION, DISTRIBUTION, ETC. (IMPRINT)
Place of publication, distribution, etc. Vidharshana
-- Dehiwala
Date of publication, distribution, etc. 2010
300 ## - PHYSICAL DESCRIPTION
Other physical details 194p, 21 cm
500 ## - GENERAL NOTE
General note Sinhalese translation of Esther David's of The Walled City
Holdings
Withdrawn status Lost status Damaged status Not for loan Collection code Permanent Location Current Location Date acquired Full call number Barcode Koha item type
        Translation Library National Museum Colombo - Sri Lanka Library National Museum Colombo - Sri Lanka 2013-10-03 8-31 (Indeeya) 154121 Books
Copyright © 2023 Department of National Museum, Colombo 07, Sri Lanka Funded by UNESCO IFAP UNESCO